ბათუმის შოთა რუსთაველის სახელმწიფო უნივერსიტეტის ბიბლიოთეკა

წმინდა აღაპიტე აღმსარებელი ; წმინდა ღირსმოწამე ანასტასი სპარსი ; ძველი დროისა და თანამედროვე მამანი და დედანი / (ბიბ.ჩანაწერი № 47235)

000 -ლიდერი
ფიქსირებული სიგრძის საკონტროლო ველი 02367nam a2200301Ia 4500
001 - საკონტროლო ნომერი
საკონტროლო ველი 14095
003 - საკონტროლო ნომრის იდენტიფიკატორი
საკონტროლო ველი GE_BSU
005 - ბოლო ოპერაციის თარიღი და დრო
საკონტროლო ველი 20241108111449.0
008 - ფიქსირებული სიგრძის მონაცემთა ელემენტები - ზოგადი ინფორმაცია
ფიქსირებული სიგრძის საკონტროლო ველი 181216s2014||||ge |||||||||||||| ||geo||
040 ## - კატალოგიზაციის წყარო
Transcribing agency GE_BSU
041 ## - ენის კოდი
Language code of text/sound track or separate title geo
245 ## - ცნობა სათაურის შესახებ
Title წმინდა აღაპიტე აღმსარებელი ; წმინდა ღირსმოწამე ანასტასი სპარსი ; ძველი დროისა და თანამედროვე მამანი და დედანი /
Statement of responsibility, etc შემდგენელი კახაბერ კენკიშვილი ; გარეკანის დიზაინი ეთერ გზირიშვილი.
260 ## - გამოქვეყნების, გავრცელების, და სხვა. ცნობები
Place of publication, distribution, etc .
264 ## - წარმოების, გამოცემის, დისტრიბუციის და სხვა ცნობები
გამოცემის, წარმოების, დისტრიბუციის... ადგილი თბილისი :
გამოცემის, წარმოების, დისტრიბუციის... სახელწოდება პალიტრა L,
გამოცემის, წარმოების, დისტრიბუციის... თარიღი 2014-15.
300 ## - ფიზიკური აღწერა
Extent 222 გვ. ;
Dimensions 20 სმ.
490 ## - სერიის ცნობა
Series statement საქართველოს იმედი II : ყველა წმინდანი, რომელთა შესახებაც უნდა იცოდე, 2298-0547 / პროექტის რედაქტორი თამარ მამაცაშვილი
Volume number/sequential designation წ. 11
500 ## - ზოგადი შენიშვნა
General note იბეჭდება სრულიად საქართველოს კათოლიკოს-პატრიარქის, უწმინდესისა და უნეტარესის ილია II-ის ლოცვა-კურთხევით
653 ## - INDEX TERM--UNCONTROLLED
Uncontrolled term რელიგია
653 ## - INDEX TERM--UNCONTROLLED
Uncontrolled term წმინდა აღაპიტე აღმსარებელი
653 ## - INDEX TERM--UNCONTROLLED
Uncontrolled term წმინდა ღირსმოწამე ანასტასი სპარსი
653 ## - INDEX TERM--UNCONTROLLED
Uncontrolled term ძველი დროისა და თანამედროვე მამანი და დედანი
700 ## - ADDED ENTRY--PERSONAL NAME
Personal name კენკიშვილი, კახაბერ
Relator term შემდგენელი
9 (RLIN) 23650
700 ## - ADDED ENTRY--PERSONAL NAME
Personal name გზირიშვილი, ეთერ
Relator term გარეკანის დიზაინი
9 (RLIN) 23651
700 ## - ADDED ENTRY--PERSONAL NAME
Personal name მამაცაშვილი, თამარ
Relator term პროექტის რედაქტორი
9 (RLIN) 23652
700 ## - ADDED ENTRY--PERSONAL NAME
Personal name გზირიშვილი, ეთერ
Relator term გარეკანის დიზაინერი
9 (RLIN) 23651
942 ## - ADDED ENTRY ELEMENTS (KOHA)
Koha item type წიგნი
Source of classification or shelving scheme
ეგზემპლარები
ჩამოწერის სტატუსი დაკარგული ეგზემპლარის სტატუსი კლასიფიკაციის წყარო ან თაროზე გაწყობის სქემა დაზიანების სტატუსი არ გაიცემა მუდმივი მდებარეობა (დაცვის ადგილი) ამჟამინდელი ადგილსამყოფელი თაროზე განთავსების ადგილი შეძენის თარიღი ღირებულება, შესყიდვის ნორმალური ფასი შტრიხკოდი ბოლო ოპერაციის თარიღი ეგზემპლარის მიმდევრობითი ნომერი (კეტერი?) ფასის ძალაში შესვლის თარიღი ეგზემპლარის სახეობა საჯარო შენიშვნა
          ბათუმის შოთა რუსთაველის სახელმწიფო უნივერსიტეტის მთავარი ბიბლიოთეკა ბათუმის შოთა რუსთაველის სახელმწიფო უნივერსიტეტის მთავარი ბიბლიოთეკა წიგნსაცავი 2018-12-17 2.00 27408 2018-12-17 27408 2018-12-17 წიგნი 2.00 ₾.